Capitales les plus proches de l'équateur - Mort subite - Statistiques

Statistiques générales
  • Ce quiz a été pris 69 fois
  • Le résultat moyen est 2 sur 15
Answers on the Grid
Answers color-coded by a green-red scale on the quiz's grid according to % correct below.
Accra
Bandar Seri Begawan
Bangui
Bogota
Brazzaville
Dodoma
Georgetown
Gitega
Jakarta
Djouba
Kampala
Kigali
Kinshasa
Kuala Lumpur
Libreville
Lomé
Malabo
Malé
Mogadiscio
Monrovia
Nairobi
Paramaribo
Porto-Novo
Quito
São Tomé
Singapour
Tarawa-Sud
Victoria
Yaoundé
Yaren
 
Statistiques - réponses
Réponse % Correct
Quito
57%
Singapour
25%
Kuala Lumpur
14%
São Tomé
14%
Gitega
11%
Malabo
11%
Nairobi
11%
Yaoundé
11%
Libreville
7%
Mogadiscio
7%
Kigali
4%
Malé
4%
Yaren
4%
Kampala
0%
Tarawa-Sud
0%
Aucun quiz correspondant
Distribution des résultats
% des personnes avec chaque résultat
Percentile par nombre de réponses
Votre historique - résultats
Vous n’avez pas pris ce quiz